Budúcnosť eurozóny v kontexte zmenených podmienok vo svetovom hospodárstve diplomová práca

Gespeichert in:
Bibliographische Detailangaben
1. Verfasser: Moravčíková, Zuzana
Körperschaft: Obchodná fakulta EU. Katedra medzinárodného obchodu
Weitere Verfasser: Fifek, Edmund
Format: Buch
Sprache:Slowakisch
Veröffentlicht: Bratislava 2011
Tags: Tag hinzufügen
Keine Tags, Fügen Sie das erste Tag hinzu!

MARC

LEADER 00000nam a2200000 4500
001 0147836
005 20240318124659.7
041 0 |a slo 
044 |a SK 
245 1 0 |a Budúcnosť eurozóny v kontexte zmenených podmienok vo svetovom hospodárstve  |b diplomová práca  |c Zuzana Moravčíková ; školiteľ: Edmund Fifek 
264 1 |a Bratislava  |c 2011 
300 |a 64 s. 
100 1 |a Moravčíková, Zuzana 
700 1 |a Fifek, Edmund 
710 2 |a Obchodná fakulta EU. Katedra medzinárodného obchodu